000 00424nam a22001697a 4500
003 NUST - PNEC
005 20170116181124.0
008 151005b xxu||||| |||| 00| 0 eng d
020 _a-
040 _cLIBRARY
082 _a891.4391 AMJ
100 _913616
_aAmjad, Amjad Islam
245 _aMuhabbat aisa darya hai
_cAmjad Islam Amjad
260 _cc.2004
650 _913618
_aUrdu Poetry
_xGeneral
942 _2ddc
_cBK
999 _c69684
_d69684